Competition Act 1998 : application to land agreements (Record no. 63412)

MARC details
000 -LEADER
fixed length control field 00760cam a2200217 4500
001 - CONTROL NUMBER
control field ABS62243
008 - FIXED-LENGTH DATA ELEMENTS--GENERAL INFORMATION
fixed length control field 000000n2000 000 0 eng u
035 ## - SYSTEM CONTROL NUMBER
System control number (Sirsi) u105900
100 ## - MAIN ENTRY--PERSONAL NAME
Personal name Singleton, S.
245 ## - TITLE STATEMENT
Title Competition Act 1998 : application to land agreements
260 ## - PUBLICATION, DISTRIBUTION, ETC.
Date of publication, distribution, etc. 2000
490 ## - SERIES STATEMENT
Series statement Solicitors' Journal
Volume/sequential designation 144(16) 28 April 2000, 390-391(2)
520 ## - SUMMARY, ETC.
Summary, etc. Discusses how the Competition Act 1998 will apply to property transactions. The new Act exempts 'land agreements' but this does not apply to all property transactions.
590 ## - LOCAL NOTE (RLIN)
Local note ABS
650 ## - SUBJECT ADDED ENTRY--TOPICAL TERM
Topical term or geographic name entry element COMPETITION ACT 1998
650 ## - SUBJECT ADDED ENTRY--TOPICAL TERM
Topical term or geographic name entry element PROPERTY TRANSACTIONS
650 ## - SUBJECT ADDED ENTRY--TOPICAL TERM
Topical term or geographic name entry element LAND AGREEMENTS
650 ## - SUBJECT ADDED ENTRY--TOPICAL TERM
Topical term or geographic name entry element RESTRICTIVE TRADE PRACTICES ACT 1976
690 ## - LOCAL SUBJECT ADDED ENTRY--TOPICAL TERM (OCLC, RLIN)
Topical term or geographic name as entry element PROPERTY
942 ## - ADDED ENTRY ELEMENTS (KOHA)
Suppress in OPAC 0
Holdings
Withdrawn status Lost status Source of classification or shelving scheme Damaged status Not for loan Home library Current library Shelving location Date acquired Total Checkouts Full call number Barcode Date last seen Copy number Price effective from Koha item type
    Dewey Decimal Classification     London London Journal article 09/05/2000   ABS62243 105900-1001 06/08/2019 1 06/08/2019 Journal article